Bharatar sanskritik aitijya aru anyanya rachana (Record no. 2316)

MARC details
000 -LEADER
fixed length control field 00546cam a2200217ua 4500
001 - CONTROL NUMBER
control field 2462
005 - DATE AND TIME OF LATEST TRANSACTION
control field 20260515113513.0
008 - FIXED-LENGTH DATA ELEMENTS--GENERAL INFORMATION
fixed length control field 120203n ii |||gr||||Z||||||asm
020 ## - INTERNATIONAL STANDARD BOOK NUMBER
International Standard Book Number 81-7339-007-X
040 ## - CATALOGING SOURCE
Transcribing agency MAIN
082 ## - DEWEY DECIMAL CLASSIFICATION NUMBER
Classification number 398.054
100 ## - MAIN ENTRY--PERSONAL NAME
Personal name Saikia, Nagen.,
245 10 - TITLE STATEMENT
Title Bharatar sanskritik aitijya aru anyanya rachana
Statement of responsibility, etc. by Nagen Saikia
250 ## - EDITION STATEMENT
Edition statement 1st ed.
260 ## - PUBLICATION, DISTRIBUTION, ETC.
Place of publication, distribution, etc. Dibrugarh:
Name of publisher, distributor, etc. Banalata,993.
300 ## - PHYSICAL DESCRIPTION
Extent 168p.:0cm.
653 ## - INDEX TERM--UNCONTROLLED
Uncontrolled term Folklore
653 ## - INDEX TERM--UNCONTROLLED
Uncontrolled term Folklore
653 ## - INDEX TERM--UNCONTROLLED
Uncontrolled term Bharatar sanskritil atitijya.
942 ## - ADDED ENTRY ELEMENTS (KOHA)
Koha item type Books
Holdings
Withdrawn status Lost status Damaged status Not for loan Home library Current library Shelving location Date acquired Total checkouts Full call number Barcode Date last seen Copy number Price effective from Koha item type
        Naharkatiya College Library Naharkatiya College Library General stacks 09/19/2020   398.054 | SAI 1044 09/19/2020 1 09/19/2020 Books